Statistiques concernant Culture générale Marvin n°7

Cliquez ici pour prendre le quiz!

Statistiques générales

  • Ce quiz a été pris 67 fois
  • Le résultat moyen est 15 sur 20

Statistiques - réponses

QuestionsRéponses% Correct
Citez le seul pays ayant pour frontière unique la France et l'EspagneAndorre
98%
Quel roi de France s'est fait guillotiner durant la révolutionLouis XVI
98%
Quelle était la valeur en franc du billet que Gainsbourg a brûlé en direct ?500 francs
93%
Complétez cette chanson "il est tomber par terre c'est la faute à Voltaire le nez dans le ruisseau c'est la faute à..."Rousseau
93%
Traduire cette phrase en anglais "quel âge avez-vous ?"How old are you
90%
Quelle est la 6e planète de notre système solaire ?Saturne
90%
Quel volcan a réduit à feu et à cendre la ville de PompéiVésuve
90%
Qui était le présentateur de qui veut gagner des millionsJean Pierre Foucault
88%
Qui est le créateur de Tintin ?Hergé
87%
Traduire enfant en allemandKinder
87%
Quel chanteur britannique a été assassiné le 8 décembre 1980 ?John Lennon
80%
Qui a remporté la coupe du monde 1982 ?Italie
78%
Quel est la capitale de la République démocratique du Congo ?Kinshasa
72%
Comment appelle-t-on le syndrome lorsque l'on n'a pas d'inspiration et que l'on a toujours pas commencé la rédactionSyndrome de la page blanche
72%
Dans une série japonaise des années 80 quel sport pratique Jeanne et Serge ?Volley-ball
63%
Quel rappeur américain considéré par beaucoup comme le plus grand rappeur de tout les temps est mort assassiné à las Vegas en 1996Tupac
55%
Comment appelle-t-on l'étude des hommesAnthropologie
53%
Quel inventeur grecque créa le labyrinthe ?Dédale
48%
Qui a réalisé les musique du film Interstellar ou InceptionHans Zimmer
40%
Quel acteur joue le rôle de maximus dans Gladiator ?Russell crowe
35%

Distribution des résultats

Percentile par nombre de réponses

% des personnes avec chaque résultat

Votre développement - résultats

Vous n’avez pas pris ce quiz